[Event "BCF-chT2 2324 (4NCL)"]
[Site "England"]
[Date "2024.02.10"]
[Round "5.27"]
[White "Freeland, Alex"]
[Black "Phillips, William"]
[Result "1-0"]
[WhiteElo "2031"]
[BlackElo "1801"]
[PlyCount "57"]
[EventDate "2023.11.11"]
[EventType "team-tourn"]
[EventRounds "11"]
[EventCountry "ENG"]
[SourceTitle "CB11_2024"]
[SourceDate "2024.03.13"]
[SourceVersion "1"]
[SourceVersionDate "2024.03.13"]
[SourceQuality "1"]
[WhiteTeam "The Audible Checks"]
[BlackTeam "Cambridge University II"]
[WhiteTeamCountry "ENG"]
[BlackTeamCountry "ENG"]

1. d4 Nf6 2. c4 g6 3. Nc3 Bg7 4. e4 d6 5. Nf3 0-0 6. Be2 e5 7. 0-0 Nc6 8. d5 Ne7 9. b4 Ne8 10. c5 f5 11. Re1 h6 12. a4 g5 13. Nd2 Ng6 14. Nc4 Nf4 15. Bf1 g4 16. Bxf4 exf4 17. Rc1 h5 18. e5 h4 19. cxd6 cxd6 20. e6 Qg5 21. Nb5 Qe7 22. Ncxd6 Nxd6 23. Rc7 Qf6 24. Nxd6 Rd8 25. e7 Qxd6 26. e8Q+ Rxe8 27. Rxe8+ Kh7 28. Ree7 Be6 29. Rxg7+ 1-0

[Event "EU-ch Cities&Town op"]
[Site "Tornelo INT"]
[Date "2023.01.29"]
[Round "?"]
[White "Melikhov, Evgeny V"]
[Black "Freeland, Alex"]
[Result "0-1"]
[WhiteElo "2269"]
[BlackElo "2016"]
[PlyCount "124"]
[EventDate "2023.01.29"]
[EventType "team-swiss"]
[EventRounds "9"]
[EventCountry "NET"]
[SourceTitle "CBM 212 Extra"]
[Source "ChessBase"]
[SourceDate "2023.03.31"]
[SourceVersion "1"]
[SourceVersionDate "2023.03.31"]
[SourceQuality "1"]
[WhiteTeam "Ioannina"]
[BlackTeam "West London Hammersmith"]
[WhiteTeamCountry "GRE"]
[BlackTeamCountry "ENG"]

1. d4 Nf6 2. c4 e6 3. Nc3 Bb4 4. Qc2 c5 5. dxc5 0-0 6. a3 Bxc5 7. Nf3 d5 8. b4 Be7 9. e3 a5 10. b5 Nbd7 11. cxd5 exd5 12. Bb2 Nc5 13. Rd1 Bg4 14. Be2 Rc8 15. Nd4 Bxe2 16. Qxe2 Qd7 17. 0-0 Rfd8 18. Qf3 Nce4 19. Nxe4 dxe4 20. Qf5 g6 21. Qxd7 Rxd7 22. Rc1 Rdc7 23. a4 Nd7 24. Nb3 Bb4 25. Rxc7 Rxc7 26. Rc1 Rxc1+ 27. Bxc1 Nb6 28. Bb2 Nxa4 29. Bd4 Nc3 30. Bxc3 Bxc3 31. Nc5 Bb4 32. Na4 f5 33. Kf1 Kf7 34. Ke2 Ke6 35. f3 Kd5 36. fxe4+ fxe4 37. Kd1 Kc4 38. Kc2 Kxb5 39. Kb3 Kc6 40. Nb2 b5 41. g4 Bd6 42. h3 a4+ 43. Kc2 Kd5 44. Nd1 b4 45. Nf2 Bc5 46. Nd1 Ke5 47. h4 h5 48. gxh5 gxh5 49. Kd2 Be7 50. Nb2 a3 51. Nc4+ Kd5 52. Nb6+ Kc6 53. Nc4 Bxh4 54. Kc2 Be7 55. Kb3 h4 56. Ne5+ Kd5 57. Ng4 h3 58. Nh2 Bd6 59. Ng4 h2 60. Nxh2 Bxh2 61. Kc2 a2 62. Kb2 b3 0-1

[Event "BCF-chT3W 2223 (4NCL)"]
[Site "England"]
[Date "2023.01.15"]
[Round "4.31"]
[White "Ogunshola, Ben"]
[Black "Freeland, Alex"]
[Result "1-0"]
[WhiteElo "2104"]
[BlackElo "2093"]
[PlyCount "75"]
[EventDate "2022.10.22"]
[EventType "team-tourn"]
[EventRounds "11"]
[EventCountry "ENG"]
[SourceTitle "EXT 2024"]
[Source "ChessBase"]
[SourceDate "2023.10.10"]
[SourceVersion "1"]
[SourceVersionDate "2023.10.10"]
[SourceQuality "1"]
[WhiteTeam "Brown Jack"]
[BlackTeam "West is Best II"]
[WhiteTeamCountry "ENG"]
[BlackTeamCountry "WLS"]

1. c4 e5 2. g3 Nf6 3. Bg2 c6 4. d4 e4 5. Nc3 d5 6. Bg5 Nbd7 7. cxd5 cxd5 8. Nh3 Bd6 9. 0-0 h6 10. Bf4 Nb6 11. Be5 Be6 12. Nf4 Bxe5 13. dxe5 Ng4 14. Qd4 Rc8 15. b3 g5 16. Nxe6 fxe6 17. Nb5 Nd7 18. Nd6+ Ke7 19. Nxc8+ Qxc8 20. Qxa7 Ngxe5 21. Rfc1 Qa8 22. Qd4 Rf8 23. a4 Qa6 24. Rc2 Ng4 25. f3 exf3 26. Bxf3 Nge5 27. Bh5 Nc6 28. Qg7+ Kd6 29. Bf3 Qb6+ 30. Kg2 Qxb3 31. Rb2 Qc4 32. Rxb7 Nce5 33. Rab1 Rxf3 34. R1b6+ Kc5 35. Qe7+ Kd4 36. Rb4 Ke3 37. Rxc4 Rf2+ 38. Kg1 1-0

[Event "BCF-chT3W 2223 (4NCL)"]
[Site "England"]
[Date "2022.10.22"]
[Round "1.33"]
[White "Freeland, Alex"]
[Black "Habershon, Paul F"]
[Result "0-1"]
[WhiteElo "2093"]
[BlackElo "1907"]
[PlyCount "76"]
[EventDate "2022.10.22"]
[EventType "team-tourn"]
[EventRounds "11"]
[EventCountry "ENG"]
[SourceTitle "EXT 2024"]
[Source "ChessBase"]
[SourceDate "2023.10.10"]
[SourceVersion "1"]
[SourceVersionDate "2023.10.10"]
[SourceQuality "1"]
[WhiteTeam "West is Best II"]
[BlackTeam "MK Phoenix II"]
[WhiteTeamCountry "WLS"]
[BlackTeamCountry "ENG"]

1. d4 Nf6 2. c4 e6 3. Nc3 c5 4. Nf3 cxd4 5. Nxd4 Nc6 6. g3 Be7 7. Bg2 0-0 8. 0-0 a6 9. e4 Qc7 10. Nxc6 dxc6 11. Be3 Bd7 12. f4 e5 13. f5 Rfd8 14. Qf3 b5 15. g4 bxc4 16. g5 Ne8 17. Qh5 g6 18. Qh4 Rab8 19. Qf2 Nd6 20. f6 Bf8 21. h4 Nb5 22. h5 gxh5 23. Bf3 Bg4 24. Bxg4 hxg4 25. Qh4 Nd4 26. Kg2 Rxb2+ 27. Bf2 Ne6 28. Rh1 Nf4+ 29. Kf1 Nh3 30. Qxg4 Rxf2+ 31. Ke1 Qd7 32. Qxd7 Rxd7 33. Rxh3 Rg2 34. Ne2 Bb4+ 35. Kf1 Rxg5 36. Rb1 a5 37. a3 Bf8 38. Rb6 Rd1+ 0-1

[Event "London Classic Weekend op 11th"]
[Site "London"]
[Date "2019.12.01"]
[Round "4"]
[White "Freeland, Alex"]
[Black "Merriman, James"]
[Result "1/2-1/2"]
[WhiteElo "2038"]
[BlackElo "1854"]
[PlyCount "82"]
[EventDate "2019.11.29"]
[EventType "swiss"]
[EventRounds "5"]
[EventCountry "ENG"]
[SourceTitle "CBM 193 Extra"]
[Source "ChessBase"]
[SourceDate "2020.01.31"]
[SourceVersion "1"]
[SourceVersionDate "2020.01.31"]
[SourceQuality "1"]

1. c4 b6 2. Nc3 Bb7 3. e4 e6 4. Nf3 Bb4 5. d3 f5 6. Bg5 Ne7 7. exf5 exf5 8. Be2 0-0 9. 0-0 h6 10. Bd2 Ng6 11. d4 Be7 12. Qc2 d6 13. d5 Bc8 14. Rfe1 Bf6 15. Bd3 Ne7 16. Nb5 g5 17. Bc3 Nd7 18. b4 Bxc3 19. Nxc3 Nf6 20. Nd4 Nh5 21. g3 Ng7 22. Re2 Bd7 23. Rae1 Ng6 24. Nd1 Ne5 25. Ne3 f4 26. Nf1 Qf6 27. Be4 Nf5 28. Nxf5 Bxf5 29. Nd2 Bg4 30. f3 Bf5 31. Kg2 Rf7 32. Bxf5 Qxf5 33. Qxf5 Rxf5 34. g4 Rf7 35. Rc1 Raf8 36. h3 Re7 37. Ne4 Kf7 38. c5 dxc5 39. bxc5 Nd3 40. Rcc2 Nxc5 41. Nxc5 Rxe2+ 1/2-1/2

[Event "London Classic Weekend op 11th"]
[Site "London"]
[Date "2019.11.30"]
[Round "2"]
[White "Freeland, Alex"]
[Black "Hussain, Adam"]
[Result "1-0"]
[WhiteElo "2038"]
[BlackElo "1705"]
[PlyCount "59"]
[EventDate "2019.11.29"]
[EventType "swiss"]
[EventRounds "5"]
[EventCountry "ENG"]
[SourceTitle "CBM 193 Extra"]
[Source "ChessBase"]
[SourceDate "2020.01.31"]
[SourceVersion "1"]
[SourceVersionDate "2020.01.31"]
[SourceQuality "1"]

1. c4 Nf6 2. Nc3 c6 3. e4 d5 4. e5 Ne4 5. cxd5 Nxc3 6. bxc3 Qxd5 7. d4 c5 8. Nf3 Nc6 9. Be2 cxd4 10. cxd4 Bg4 11. 0-0 e6 12. Rb1 Bxf3 13. Bxf3 Qd7 14. Qa4 Rc8 15. Be3 Be7 16. Bxc6 bxc6 17. Qa6 0-0 18. Rb7 Rc7 19. Rfb1 Rfc8 20. Qxa7 c5 21. Rxc7 Rxc7 22. Rb8+ Bf8 23. Qa8 Qe7 24. dxc5 h6 25. Re8 Ra7 26. Rxf8+ Kh7 27. Rh8+ Kg6 28. Qe4+ f5 29. exf6+ Kxf6 30. Qh4+ 1-0

[Event "Trieste op 19th"]
[Site "Trieste"]
[Date "2017.09.07"]
[Round "7"]
[White "Freeland, Alex"]
[Black "Berke, Ana"]
[Result "1/2-1/2"]
[WhiteElo "1988"]
[BlackElo "2169"]
[PlyCount "114"]
[EventDate "2017.09.02"]
[EventType "swiss"]
[EventRounds "9"]
[EventCountry "ITA"]
[SourceTitle "CBM 180 Extra"]
[Source "ChessBase"]
[SourceDate "2017.10.06"]
[SourceVersion "1"]
[SourceVersionDate "2017.10.06"]
[SourceQuality "1"]

1. Nf3 f5 2. d4 Nf6 3. g3 g6 4. Bg2 Bg7 5. 0-0 d6 6. b3 0-0 7. Bb2 c6 8. c4 Qe8 9. Nbd2 Ne4 10. Nxe4 fxe4 11. Nd2 d5 12. f3 e3 13. Nb1 dxc4 14. bxc4 Qf7 15. Qb3 Bf5 16. Na3 Nd7 17. Qxe3 b5 18. cxb5 cxb5 19. Qd2 Nb6 20. e4 Bd7 21. d5 a5 22. Rfc1 Rfc8 23. Bd4 b4 24. Nc2 Nc4 25. Qf2 Ne5 26. Ne1 e6 27. f4 Ng4 28. Qd2 exd5 29. Bxg7 Kxg7 30. Qxd5 Qxd5 31. exd5 Rxc1 32. Rxc1 Rc8 33. Rxc8 Bxc8 34. Nc2 Kf7 35. h3 Nf6 36. Kf2 Bf5 37. Nd4 Bb1 38. Nc6 Bxa2 39. Nxa5 Ke8 40. d6 Kd7 41. Bc6+ Kxd6 42. Ba4 Kc5 43. Kf3 Kd4 44. Nb3+ Kc3 45. Nc1 Bd5+ 46. Ke3 b3 47. Bxb3 Bxb3 48. Nxb3 Kxb3 49. f5 Kc4 50. fxg6 hxg6 51. Kf4 Nh7 52. Ke5 Kd3 53. h4 Ke3 54. g4 Kf3 55. h5 gxh5 56. gxh5 Kg4 57. Ke4 Kxh5 1/2-1/2

[Event "Trieste op 19th"]
[Site "Trieste"]
[Date "2017.09.04"]
[Round "4"]
[White "Belli, Giorgio"]
[Black "Freeland, Alex"]
[Result "0-1"]
[WhiteElo "2226"]
[BlackElo "1988"]
[PlyCount "66"]
[EventDate "2017.09.02"]
[EventType "swiss"]
[EventRounds "9"]
[EventCountry "ITA"]
[SourceTitle "CBM 180 Extra"]
[Source "ChessBase"]
[SourceDate "2017.10.06"]
[SourceVersion "1"]
[SourceVersionDate "2017.10.06"]
[SourceQuality "1"]

1. e4 e6 2. d4 d5 3. Nc3 Nf6 4. e5 Nfd7 5. f4 c5 6. Nf3 Nc6 7. Be3 Be7 8. Qd2 0-0 9. Be2 cxd4 10. Nxd4 Nc5 11. 0-0-0 Bd7 12. Kb1 Rb8 13. Rhf1 a6 14. Bf3 b5 15. Qf2 Na4 16. Nce2 b4 17. Nxc6 Bxc6 18. Nd4 Qc7 19. Qg3 Bc5 20. f5 Nc3+ 21. bxc3 bxc3+ 22. Nb3 Bxe3 23. Bxd5 Bxd5 24. Rxd5 exd5 25. Qxe3 a5 26. f6 gxf6 27. Rf5 Kh8 28. Qh6 Qb6 29. exf6 Qg1+ 30. Qc1 Qxc1+ 31. Kxc1 Rfe8 32. Rxd5 a4 33. Nc5 Rb1+ 0-1

[Event "South Wales op 14th"]
[Site "Cardiff"]
[Date "2017.07.12"]
[Round "7"]
[White "Freeland, Alex"]
[Black "Lauridsen, Jesper Morch"]
[Result "0-1"]
[WhiteElo "1931"]
[BlackElo "2247"]
[PlyCount "72"]
[EventDate "2017.07.08"]
[EventType "swiss"]
[EventRounds "10"]
[EventCountry "WLS"]
[SourceTitle "EXT 2018"]
[Source "ChessBase"]
[SourceDate "2017.10.13"]
[SourceVersion "1"]
[SourceVersionDate "2017.10.13"]
[SourceQuality "1"]

1. c4 e6 2. Nf3 d5 3. g3 Nf6 4. Bg2 c5 5. 0-0 Nc6 6. b3 Be7 7. Bb2 0-0 8. e3 b6 9. Nc3 Bb7 10. cxd5 exd5 11. d4 Re8 12. Ne5 cxd4 13. Nxc6 Bxc6 14. Qxd4 Bc5 15. Qh4 Ne4 16. Qxd8 Raxd8 17. Rfd1 Nxf2 18. Kxf2 Bxe3+ 19. Kf1 Rd6 20. Bf3 Rf6 21. Kg2 Rxf3 22. Kxf3 d4+ 23. Kg4 Bg2 24. Nd5 h5+ 25. Kh4 g5+ 26. Kxh5 Bf3+ 27. g4 Bxd5 28. Bxd4 Bf4 29. Bf6 Re2 30. h4 Bc6 31. Bxg5 Be5 32. Re1 Be4 33. Be7 Bf4 34. Bg5 Kg7 35. Bf6+ Kh7 36. Rxe2 Bg6# 0-1

[Event "South Wales op 14th"]
[Site "Cardiff"]
[Date "2017.07.08"]
[Round "1"]
[White "Freeland, Alex"]
[Black "Chatalbashev, Boris"]
[Result "0-1"]
[WhiteElo "1931"]
[BlackElo "2552"]
[PlyCount "78"]
[EventDate "2017.07.08"]
[EventType "swiss"]
[EventRounds "10"]
[EventCountry "WLS"]
[SourceTitle "EXT 2018"]
[Source "ChessBase"]
[SourceDate "2017.10.13"]
[SourceVersion "1"]
[SourceVersionDate "2017.10.13"]
[SourceQuality "1"]

1. c4 b6 2. d4 Bb7 3. Nc3 e6 4. e3 f5 5. Nf3 Nf6 6. Bd3 Bb4 7. 0-0 0-0 8. Bd2 a5 9. a3 Bxc3 10. Bxc3 Ne4 11. Rc1 d6 12. Nd2 Nxc3 13. Rxc3 Nd7 14. e4 e5 15. d5 f4 16. b4 g5 17. Be2 axb4 18. axb4 Ra2 19. Bg4 Nf6 20. Be6+ Kh8 21. f3 Bc8 22. Bxc8 Qxc8 23. c5 bxc5 24. bxc5 Qb8 25. Rc2 Qa7 26. Rxa2 Qxa2 27. Rf2 Rb8 28. cxd6 cxd6 29. Nf1 Qa7 30. Qe2 h5 31. g3 g4 32. Kg2 Qd4 33. h3 h4 34. hxg4 hxg3 35. Nxg3 fxg3 36. Kxg3 Rb3 37. Rh2+ Kg7 38. Qc2 Nxe4+ 39. Kh4 Rxf3 0-1

[Event "South Wales op 14th"]
[Site "Cardiff"]
[Date "2017.07.08"]
[Round "2"]
[White "Hurn, Robert AJ"]
[Black "Freeland, Alex"]
[Result "0-1"]
[WhiteElo "1594"]
[BlackElo "1931"]
[PlyCount "58"]
[EventDate "2017.07.08"]
[EventType "swiss"]
[EventRounds "10"]
[EventCountry "WLS"]
[SourceTitle "EXT 2018"]
[Source "ChessBase"]
[SourceDate "2017.10.13"]
[SourceVersion "1"]
[SourceVersionDate "2017.10.13"]
[SourceQuality "1"]

1. d4 e6 2. c4 Nf6 3. Nc3 b6 4. e4 Bb4 5. Bd3 Bb7 6. f3 d6 7. Nge2 c6 8. Be3 d5 9. cxd5 cxd5 10. e5 Nfd7 11. 0-0 Nc6 12. Rc1 Bxc3 13. Nxc3 Ndxe5 14. Bb5 Ng6 15. Re1 0-0 16. Bf2 Nge7 17. Bd3 Rc8 18. Bb1 g6 19. Bh4 Qd6 20. a3 Qf4 21. Bf2 Rfd8 22. Ne2 Qf6 23. Qa4 a6 24. b4 Nf5 25. Red1 b5 26. Qb3 Ncxd4 27. Nxd4 Rxc1 28. Rxc1 Nxd4 29. Qb2 Nxf3+ 0-1

[Event "BCF-ch Week1 PM op"]
[Site "Bournemouth"]
[Date "2016.07.28"]
[Round "4"]
[White "Coward, Neil"]
[Black "Freeland, Alex"]
[Result "1/2-1/2"]
[WhiteElo "1770"]
[BlackElo "1946"]
[PlyCount "81"]
[EventDate "2016.07.25"]
[EventType "swiss"]
[EventRounds "5"]
[EventCountry "ENG"]
[SourceTitle "CBM 173 Extra"]
[Source "ChessBase"]
[SourceDate "2016.08.29"]
[SourceVersion "1"]
[SourceVersionDate "2016.08.29"]
[SourceQuality "1"]

1. e4 c5 2. d4 cxd4 3. c3 d5 4. exd5 Qxd5 5. cxd4 Nc6 6. Nf3 Bg4 7. Nc3 Bxf3 8. Nxd5 Bxd1 9. Nc7+ Kd7 10. Nxa8 Bh5 11. Bb5 e6 12. 0-0 Bd6 13. Be3 Nge7 14. Nb6+ axb6 15. h3 Nd5 16. a4 Nc7 17. Rfc1 Nxb5 18. axb5 Na5 19. Ra4 Rc8 20. Rxc8 Kxc8 21. d5 exd5 22. Bxb6 Nc4 23. Ra8+ Kd7 24. Bd4 Be5 25. Bxe5 Nxe5 26. f4 Nd3 27. g4 Nxf4 28. gxh5 Nxh3+ 29. Kf1 Nf4 30. Rf8 Ke6 31. Rb8 Nxh5 32. Rxb7 Nf6 33. Rc7 Kd6 34. b6 Nd7 35. Ra7 h5 36. b4 g5 37. b5 Nxb6 38. Rxf7 Ke5 39. Rg7 Kd6 40. Rxg5 Kc5 41. Rxh5 1/2-1/2

[Event "BCF-ch Week1 PM op"]
[Site "Bournemouth"]
[Date "2016.07.27"]
[Round "3"]
[White "Freeland, Alex"]
[Black "Brown, Geoffrey M"]
[Result "1-0"]
[WhiteElo "1946"]
[BlackElo "1734"]
[PlyCount "75"]
[EventDate "2016.07.25"]
[EventType "swiss"]
[EventRounds "5"]
[EventCountry "ENG"]
[SourceTitle "CBM 173 Extra"]
[Source "ChessBase"]
[SourceDate "2016.08.29"]
[SourceVersion "1"]
[SourceVersionDate "2016.08.29"]
[SourceQuality "1"]

1. d4 e6 2. c4 f5 3. Nf3 Nf6 4. g3 Be7 5. Bg2 0-0 6. 0-0 Ne4 7. Nc3 d5 8. Qc2 Kh8 9. e3 a5 10. Ne5 Nc6 11. cxd5 Nxe5 12. dxe5 Nxc3 13. bxc3 exd5 14. Rd1 c6 15. c4 Be6 16. Rb1 Qd7 17. cxd5 Bxd5 18. Bxd5 cxd5 19. Qb3 Rfb8 20. Qxd5 Qxd5 21. Rxd5 b6 22. Bb2 Rd8 23. Rxd8+ Bxd8 24. Bd4 Rb8 25. a4 Kg8 26. Kg2 g6 27. Kf3 Kf7 28. e4 fxe4+ 29. Kxe4 Rc8 30. Kd5 Rc2 31. Rb2 Rc8 32. f4 Ke7 33. g4 Bc7 34. f5 Rd8+ 35. Ke4 Rb8 36. Rc2 Rb7 37. f6+ Kf7 38. Kd5 1-0